Statistics for Capital Cities by Alternate Etymology

Click here to take the quiz!

General Stats

  • This quiz has been taken 71 times
  • The average score is 9 of 20

Answer Stats

HintAnswer% Correct
Wheel-loving rodent builds a water barrierAmsterdam
73%
The father of an item used for carrying thingsBaghdad
73%
Where you go to wash your hands in the underworldHelsinki
73%
Very small, soft grass covering female cattleMoscow
68%
A spoiled, ill-behaved child is hot molten rock erupting from a volcanoBratislava
63%
Wondering if an alpaca is not goodIslamabad
59%
Siddhārtha Gautama's a real nuisance!Budapest
58%
Skin injury caused by heat or chemicalsBern
56%
The spirit of essence of a personSeoul
49%
Type of cutting weapon only used during an intense armed conflictWarsaw
41%
A cylindrical metal container with the face of a man named YogiCanberra
37%
All the shares of a corporation dumped onto an inshore islandStockholm
36%
The act of buying men's neckwearTaipei
36%
To put it simply: The automobileDakar
32%
If the sun god had vampire wingsRabat
32%
Opposite of column living at homeRome
31%
When you're angry that you've removed somethingMadrid
27%
Recording of an Italian mountainMontevideo
24%
If someone were to provide voiceovers for an NBA player named JeremyDublin
14%
Slang greeting by someone smoking marijuanaTokyo
8%

Score Distribution

Percentile by Number Answered

Percent of People with Each Score

Your Score History

You have not taken this quiz